Trends in nonlinear analysis (Record no. 6972)

MARC details
000 -LEADER
fixed length control field 00606 a2200205 4500
001 - CONTROL NUMBER
control field 132617
003 - CONTROL NUMBER IDENTIFIER
control field OSt
005 - DATE AND TIME OF LATEST TRANSACTION
control field 20220119151748.0
008 - FIXED-LENGTH DATA ELEMENTS--GENERAL INFORMATION
fixed length control field
082 ## - DEWEY DECIMAL CLASSIFICATION NUMBER
Classification number 515.353
Item number T72T
245 1# - TITLE STATEMENT
Title Trends in nonlinear analysis
Statement of responsibility, etc by Markus Kirkilionis...[et.al.]
260 ## - PUBLICATION, DISTRIBUTION, ETC. (IMPRINT)
Place of publication, distribution, etc Berlin
Name of publisher, distributor, etc Springer
Date of publication, distribution, etc 2003
300 ## - PHYSICAL DESCRIPTION
Extent 419p.
690 ## - LOCAL SUBJECT ADDED ENTRY--TOPICAL TERM (OCLC, RLIN)
Topical term or geographic name as entry element Differentiable Dynamical Systems; Differential Equations, Partial; Electromagnetic Theory
700 ## - ADDED ENTRY--PERSONAL NAME
Personal name Kirkilionis, Markus
700 ## - ADDED ENTRY--PERSONAL NAME
Personal name Kromker, Susanne
700 ## - ADDED ENTRY--PERSONAL NAME
Personal name Rannacher, Rolf
700 ## - ADDED ENTRY--PERSONAL NAME
Personal name Tomi, Friedrich
942 ## - ADDED ENTRY ELEMENTS (KOHA)
Source of classification or shelving scheme Dewey Decimal Classification
Koha item type Books
Holdings
Withdrawn status Lost status Source of classification or shelving scheme Damaged status Not for loan Collection code Home library Current library Date acquired Source of acquisition Full call number Barcode Date last seen Price effective from Koha item type
    Dewey Decimal Classification     General Text Book Central University Of Rajasthan Central University Of Rajasthan 20/06/2012 MTH 515.353 T72T 10095 21/11/2024 02/09/2020 Books